000 00666nam a2200253Ia 4500
003 OSt
005 20220918164135.0
006 a|||||r|||| 00| 0
007 ta
008 220917b |||||||| |||| 00| 0 eng d
020 _a0415901936
024 _a243,191
037 _cTextual
040 _aARTS
_cARTS
_beng
041 _2eng
_aeng
082 _aNoaR39N, N0
100 _aSilverman Hugh J. Ed.
_917336
245 0 _aPostmodernism philosophy and the arts
260 _aNew York
_bRoutledge USA
_c1990
300 _a319p.
_ccm.
650 _aARTS
942 _hNoaR39N, N0
_cTEXL
_2CC
999 _c123303
_d123303